Представление документа в формате RUSMARC

ПолеНазваниеЗначение
  Тип записи a
  Библиографический уровень a
001 Контрольный номер RU/CBS_UL/BASE/9002447b59be4e74b0f27311a0234177
005 Дата корректировки 20260322153205.9
100 Данные общей обработки __
a Данные общей обработки 20260322 ||| 0rusy0189 ca
101 Язык документа 0_
a Язык текста rus
102 Страна публикации __
a Страна публикации RU
200 Заглавие и сведения об ответственности 1_
a Заглавие В волшебном мире звуков
e Сведения, относящиеся к заглавию [как сохранить хороший слух]
f Первые сведения об ответственности Д. Дементьев
300 Общие примечания __
a Общие примечания 12+
461 Уровень набора _0
1 2000
a Дачный клуб
463 Уровень физической единицы _0
1 2000
a № 2
v С. 62-63 : фото
1 2101
d 2026
1 001RU/CBS_UL/BASE/1bfe83d153314614a7dc2013a21d4e2a
606 Тематические рубрики 0_
a Основная рубрика Слух - Гигиена
610 Ключевые слова 0_
a Ключевые слова слух
610 Ключевые слова 0_
a Ключевые слова нарушения слуха
610 Ключевые слова 0_
a Ключевые слова снижение слуха
610 Ключевые слова 0_
a Ключевые слова ухудшение слуха
610 Ключевые слова 0_
a Ключевые слова причины ухудшения слуха
610 Ключевые слова 0_
a Ключевые слова гигиена слуха
686 Индексы других классификаций __
2 Код системы rubbk
a Классификационный индекс 56.83
700 Автор _1
a Фамилия Дементьев
b Имя (инициалы) Д.
801 Источник записи _0
a Страна RU
b Организация МБУК ЦБС г. Ульяновска
c Дата составления 20260322
g Правила каталогизации RCR
801 Источник записи _1
a Страна RU
b Организация МБУК ЦБС г. Ульяновска
c Дата составления 20260322
g Правила каталогизации RCR
901 Тип документа __
t Тип документа b
w Контрольный № источника RU/CBS_UL/BASE/1bfe83d153314614a7dc2013a21d4e2a
909 Создатель записи __
a Создатель записи lib2